Efektívnosť výberu spotrebnej dane z minerálnych olejov

Analýza spotrebnej dane z minerálnych olejov a jej vplyv na dopravu v Slovenskej republike. Teoretické vymedzenie spotrebnej dane vo všeobecnosti, s čím súvisí vymedzenie jej základných znakov a harmonizácie pravidiel zdaňovania v rámci EÚ. Charakterizovanie harmonizácie skúmanej spotrebnej dane. An...

Description complète

Enregistré dans:
Détails bibliographiques
Auteur principal: Válek, Juraj, 1981-
Autres auteurs: Schultzová, Anna, Kušnírová, Jana, 1977-
Format: Chapitre de livre
Langue:slovaque
Sujets:
Tags: Ajouter un tag
Pas de tags, Soyez le premier à ajouter un tag!

MARC

LEADER 00000naa$a2200000$$$4500
001 0260928
005 20240712105929.1
041 0 |a slo 
044 |a SK 
245 1 0 |a Efektívnosť výberu spotrebnej dane z minerálnych olejov  |c Juraj Válek, Anna Schultzová, Jana Kušnírová 
520 |a Analýza spotrebnej dane z minerálnych olejov a jej vplyv na dopravu v Slovenskej republike. Teoretické vymedzenie spotrebnej dane vo všeobecnosti, s čím súvisí vymedzenie jej základných znakov a harmonizácie pravidiel zdaňovania v rámci EÚ. Charakterizovanie harmonizácie skúmanej spotrebnej dane. Analýza v oblasti výnosu, vývoja sadzieb dane z minerálnych olejov. Komparácia vývoja výnosnosti, cien a sadzieb minerálnych olejov a jej zhodnotenie na Slovensku a v krajinách V4. 
610 2 0 |a dane spotrebné 
610 2 0 |a dane ekologické 
610 2 0 |a sadzby daňové 
610 2 0 |a únik daňový 
100 1 |a Válek, Juraj, 1981- 
700 1 |a Schultzová, Anna 
700 1 |a Kušnírová, Jana, 1977-